Normal view
MARC view
- الامن السيبراني-امن المعلومات-تطبيقات الحاسوب
Entry Topical Term
001 - CONTROL NUMBER
- control field: 63411
003 - CONTROL NUMBER IDENTIFIER
- control field: JO-AjAnu
005 - DATE AND TIME OF LATEST TRANSACTION
- control field: 20230606084342.0
008 - FIXED-LENGTH DATA ELEMENTS
- fixed length control field: 230606|| aca||aabn | a|a d
040 ## - CATALOGING SOURCE
- Original cataloging agency: JO-AjAnu
- Transcribing agency: JO-AjAnu
150 ## - HEADING--TOPICAL TERM
- Topical term or geographic name entry element: الامن السيبراني-امن المعلومات-تطبيقات الحاسوب
670 ## - SOURCE DATA FOUND
- Source citation: Work cat.: (JO-AjAnu)32330: الحديدي، ايمن احمد, author 63410, الامن السيبراني في ظل الانفجار المعرفي